UBT Library

An inquiry into the nature and causes of the wealth of nations : (Record no. 40337)

000 -LEADER
fixed length control field 00967pam a2200265 a 4500
001 - CONTROL NUMBER
control field 3942485
005 - DATE AND TIME OF LATEST TRANSACTION
control field 20180116035253.0
008 - FIXED-LENGTH DATA ELEMENTS--GENERAL INFORMATION
fixed length control field 930618s1993 inu b 000 0 eng
010 ## - LIBRARY OF CONGRESS CONTROL NUMBER
LC control number 93024370
020 ## - INTERNATIONAL STANDARD BOOK NUMBER
International Standard Book Number 0872202054 (alk. paper)
020 ## - INTERNATIONAL STANDARD BOOK NUMBER
International Standard Book Number 0872202046 (pbk. : alk. paper)
040 ## - CATALOGING SOURCE
Original cataloging agency DLC
Transcribing agency DLC
Modifying agency DLC
041 ## - LANGUAGE CODE
Language code of text/sound track or separate title eng
080 ## - UNIVERSAL DECIMAL CLASSIFICATION NUMBER
Universal Decimal Classification number 330.153
082 00 - DEWEY DECIMAL CLASSIFICATION NUMBER
Classification number 330.153 DIC
Edition number 20
100 1# - Rafti
Rafti 19
101 ## - Shkurtesa
Shkurtesa SHP
240 10 - UNIFORM TITLE
Uniform title <a href="Inquiry into the nature and causes of the wealth of nations.">Inquiry into the nature and causes of the wealth of nations.</a>
Form subheading Selections
245 13 - TITLE STATEMENT
Title An inquiry into the nature and causes of the wealth of nations :
Statement of responsibility, etc Adam Smith ; abridged with commentary and notes, by Laurence Dickey.
504 ## - BIBLIOGRAPHY, ETC. NOTE
Bibliography, etc Includes bibliographical references (p. 260-263).
740 0# - ADDED ENTRY--UNCONTROLLED RELATED/ANALYTICAL TITLE
Uncontrolled related/analytical title Wealth of nations.
906 ## - LOCAL DATA ELEMENT F, LDF (RLIN)
a 7
b cbc
c orignew
d 1
e ocip
f 19
g y-gencatlg
942 ## - ADDED ENTRY ELEMENTS (KOHA)
Source of classification or shelving scheme
Item type Books
Holdings
Withdrawn status Lost status Source of classification or shelving scheme Damaged status Not for loan Collection code Permanent location Current location Shelving location Date acquired Total Checkouts Full call number Barcode Date last seen Price effective from Koha item type
          Koleksioni i përgjithshem UBT - Lipjan UBT - Lipjan Koleksioni i përgjithshem 01/16/2018   330.153 DIC 002-2995579 01/16/2018 01/16/2018 Books
UBT Library © 2015-2024. All rights reserved University Education for Business and Technology